| 000 | 00728nam a22002177a 4500 | ||
|---|---|---|---|
| 999 |
_c22574 _d22574 |
||
| 003 | AR-CdUCM | ||
| 008 | 190423b ||||| |||| 00| 0 spa d | ||
| 020 | _a9786124698729 | ||
| 040 |
_aMUNICIPALIDAD PROVINCIAL DEL CUSCO _cBIBLIOTECA MUNICIPAL DEL CUSCO |
||
| 041 | _hspa | ||
| 082 |
_aEP / 869.57 / _bZ95E5 |
||
| 100 |
_aZúñiga, Lucho _948547 |
||
| 245 |
_aEmily y la niña de la lámpara / _cLucho Zúñiga ; ilustraciones de Lucía Fernández |
||
| 260 |
_aLima : _bLudo, _c2019. |
||
| 300 |
_a70 páginas. : _bilustraciones en color ; _c21 cm. |
||
| 650 |
_aCuentos infantiles peruanos _93914 |
||
| 650 |
_aSiglo XXI _948548 |
||
| 700 |
_aFernández, Lucía _eilustrador _926634 |
||
| 942 |
_2ddc _cLIBROS |
||
| 945 | _arac | ||